Finitné zaistenie ako alternatívna forma zaistenia

Enregistré dans:
Détails bibliographiques
Auteur principal: Krátka, Zuzana, 1968-
Format: Chapitre de livre
Langue:slovaque
Tags: Ajouter un tag
Pas de tags, Soyez le premier à ajouter un tag!

MARC

LEADER 00000nla$a2200000$$$4500
001 0061321
005 20240502071703.8
041 0 |a slo 
044 |a SK 
245 1 0 |a Finitné zaistenie ako alternatívna forma zaistenia  |c Zuzana Krátka 
100 1 |a Krátka, Zuzana, 1968-